Pieter Bruegel: complete edition of the paintings (Record no. 89868)
[ view plain ]
| 000 -LEADER | |
|---|---|
| fixed length control field | 01075cam6a220030100 4500 |
| 001 - CONTROL NUMBER | |
| control field | lce00020605 |
| 008 - FIXED-LENGTH DATA ELEMENTS--GENERAL INFORMATION | |
| fixed length control field | 731212s1973 nyua b 001 0 eng |
| 010 ## - LIBRARY OF CONGRESS CONTROL NUMBER | |
| LC control number | 75177242 //r84 |
| 020 ## - INTERNATIONAL STANDARD BOOK NUMBER | |
| International Standard Book Number | 071481511X |
| 020 ## - INTERNATIONAL STANDARD BOOK NUMBER | |
| Terms of availability | |
| -- | 2.50 |
| 035 ## - SYSTEM CONTROL NUMBER | |
| System control number | (Sirsi) r83467 |
| 035 ## - SYSTEM CONTROL NUMBER | |
| System control number | (DLC) 75177242 //r84 |
| 035 ## - SYSTEM CONTROL NUMBER | |
| System control number | (UPRA)lce00020605 |
| 050 0# - LIBRARY OF CONGRESS CALL NUMBER | |
| Classification number | ND673.B73 |
| Item number | G713 1973 |
| 082 ## - DEWEY DECIMAL CLASSIFICATION NUMBER | |
| Classification number | 759.9493 |
| 100 1# - MAIN ENTRY--PERSONAL NAME | |
| Personal name | Bruegel, Pieter, ca. 1525-1569. |
| Dates associated with a name | Bruegel, Pieter, ca. 1525-1569. |
| Linkage | A43375.1 |
| 245 10 - TITLE STATEMENT | |
| Title | Pieter Bruegel: complete edition of the paintings |
| Statement of responsibility, etc. | [by] F. Grossmann. |
| 250 ## - EDITION STATEMENT | |
| Edition statement | [3d ed., rev. |
| 260 ## - PUBLICATION, DISTRIBUTION, ETC. | |
| Place of publication, distribution, etc. | New York] |
| Name of publisher, distributor, etc. | Phaidon; [distributed by Praeger, |
| Date of publication, distribution, etc. | 1973] |
| 500 ## - GENERAL NOTE | |
| General note | First-2d eds. published under title: Bruegel, the paintings. |
| 500 ## - GENERAL NOTE | |
| General note | First published in 1955. |
| 504 ## - BIBLIOGRAPHY, ETC. NOTE | |
| Bibliography, etc. note | Bibliography: v. 1, p. 51-56. |
| 504 ## - BIBLIOGRAPHY, ETC. NOTE | |
| Bibliography, etc. note | Bibliographical notes. |
| 600 10 - SUBJECT ADDED ENTRY--PERSONAL NAME | |
| Personal name | Bruegel, Pieter, ca. 1525-1569. |
| Dates associated with a name | Bruegel, Pieter, ca. 1525-1569. |
| Linkage | S34345.1 |
| 700 1# - ADDED ENTRY--PERSONAL NAME | |
| Personal name | Grossmann, Fritz. |
| Linkage | A43376.1 |
| 949 ## - LOCAL PROCESSING INFORMATION (OCLC) | |
| a | ND673.B73 |
| w | lcc |
| i | -115876 |
| m | MAIN |
| t | BOOK |
| l | ON-SHELF |
No items available.